000
00265nam a2200109Ia 4500
008
200302s9999 xx 000 0 und d
100
_a
Ken Yeang (Edi)
245
_a
The Mutiara Masterplan
260
_b
Images Publishing, Austraila
260
_c
2007
300
_a
173 P
999
_c
4924
_d
4924